The american petroleum industry

Salvato in:
Dettagli Bibliografici
Autori principali: Bacon, Raymond Foss (Autore), Hamor, William Allen (Autore)
Natura: Libro
Lingua:inglese
Pubblicazione: Nueva York McGraw-Hill 1916
Soggetti:
Tags: Aggiungi Tag
Nessun Tag, puoi essere il primo ad aggiungerne!!

MARC

LEADER 00000nam a2200000 a 4500
001 UCV7034
003 CL-VaPUC
008 910610e19160000US |||||||||||||||||eng|d
082 0 4 |a 665.53  |b BAC  |2 21 
100 0 |a Bacon, Raymond Foss  |e author  |9 301019 
700 0 |a Hamor, William Allen  |e author  |9 301020 
245 1 4 |a The american petroleum industry 
300 |a v 
942 |c BK 
945 |d 19910610 00:00:00  |a mfernand 
260 |a Nueva York  |b McGraw-Hill  |c 1916 
650 0 |a Industria del petróleo   |9 261973 
650 7 |a REFINERIAS DE PETROLEO  |2 CL-VaPUC  |9 263997 
650 7 |a REFINACION DEL PETROLEO  |2 CL-VaPUC  |9 263998 
651 0 |a Estados Unidos  |9 255178 
583 |a last modification  |c 19910610 00:00:00  |k Rodrigo Vera 
999 |c 212786  |d 212784 
952 |0 0  |1 0  |4 0  |6 665_530000000000000_BAC_1916  |7 0  |8 A  |9 194402  |a BIBING  |b BIBING  |d 2019-11-14  |h v.2  |i 2626039  |o 665.53 BAC 1916  |p 2626039  |r 2025-01-20  |w 2019-11-14  |y BK  |k EIQ